Socorro!: 12 cuentos para caerse de miedo
שמור ב:
| מחבר ראשי: | |
|---|---|
| פורמט: | ספר |
| שפה: | ספרדית |
| יצא לאור: |
Santiago
Santillana del Pacífico S. A
2015
|
| מהדורה: | 24a. ed |
| סדרה: | Alfaguara Infantil
|
| נושאים: | |
| תגים: |
הוספת תג
אין תגיות, היה/י הראשונ/ה לתייג את הרשומה!
|
MARC
| LEADER | 00000cam a2200000 a 4500 | ||
|---|---|---|---|
| 001 | UCD4022 | ||
| 003 | CL-VaPUC | ||
| 008 | 160623e20150000cl |||||||||||||||||spa|d | ||
| 020 | |a 9562391779 | ||
| 082 | 0 | 4 | |a Ar863 |b BOR |2 21 |
| 100 | |a Bornemann, Elsa |e author |9 545133 | ||
| 245 | 1 | 0 | |a Socorro!: 12 cuentos para caerse de miedo |
| 250 | |a 24a. ed | ||
| 300 | |a 168 p | ||
| 942 | |c BK | ||
| 945 | |d 20160623 20:48:00 |a dcastane | ||
| 260 | |a Santiago |b Santillana del Pacífico S. A |c 2015 | ||
| 650 | 7 | |a CUENTOS ARGENTINOS |2 CL-VaPUC |9 587650 | |
| 650 | 0 | |a Cuentos de terror |9 450869 | |
| 650 | 0 | |a Cuentos infantiles |9 308044 | |
| 650 | 0 | |a Literatura argentina |9 320596 | |
| 583 | |a last modification |c 20160623 20:48:00 |k Rodrigo Vera | ||
| 490 | 0 | |a Alfaguara Infantil | |
| 999 | |c 364995 |d 364993 | ||
| 952 | |0 0 |1 0 |3 erb |4 0 |6 AR_863_000000000000000_BOR_2015 |7 0 |8 A |9 478674 |a BIBEDU |b BIBEDU |i 5370922 |l 1 |m 2 |o Ar863 BOR 2015 |p 5370922 |r 2023-10-04 |s 2023-09-13 |w 2019-11-24 |y BK |z Catalogado en:20170331 |k PAR | ||
| 952 | |0 0 |1 0 |3 erb |4 0 |6 AR_863_000000000000000_BOR_2015 |7 0 |8 A |9 478675 |a BIBEDU |b BIBEDU |i 5370930 |l 2 |m 1 |o Ar863 BOR 2015 |p 5370930 |r 2023-10-02 |s 2023-09-27 |w 2019-11-24 |y BK |z Catalogado en:20170331 |k PAR | ||